000 00617nam a2200193 a 4500
001 000042693
005 20201002040330.0
008 140205s1995 sp c 001 0 spa d
020 _a8440659245
040 _aDO-SdBNP
_bspa
_cBNPHU
100 1 _aSpada, James
_969999
240 1 0 _aStreisand. The intimate biography
245 1 0 _aBarbra Streisand. /
_cJames Spada; traducción Nuria Lago Jaraiz.
260 _aBarcelona, :
_bEdiciones B,
_c1995.
300 _a574 p. :
_bretrs. ;
_c24 cm.
500 _aIncluye índice onomástico
504 _aBibliografía p: 559-560
700 1 2 _aLago Jaraiz, Nuria
_etrad.
_911506
999 _c42182
_d42182